000
00288 a2200109 4500
000
nam a22 7a 4500
005
20251203112711.0
100
_a
Sayed Abdariba
_9
854014
245
_a
Azwai Ali asas al-behas al-ilmi wa qawaid
260
_b
Maktaba al-Anjlu Misriya
_c
2005
942
_c
TB
999
_c
1465785
_d
1465785